000 00304nam a2200133Ia 4500
005 20251222154313.0
008 251222s9999||||xx |||||||||||||| ||spa||
020 _a978-84-7829-081-9
082 _a612.8/P59
100 _a"Pinel, John P."
245 0 _aBiopsicología
250 _a6a.ed.
942 _cLIB
999 _c33472
_d33472